[Event "Jerusalem Israel op"]
[Site "Jerusalem"]
[Date "2019.12.20"]
[Round "8"]
[White "Kuritz, Zvi"]
[Black "Nissim, Yonatan"]
[Result "0-1"]
[WhiteElo "1907"]
[BlackElo "2040"]
[PlyCount "94"]
[EventDate "2019.12.12"]
[EventType "swiss"]
[EventRounds "9"]
[EventCountry "ISR"]
[SourceTitle "CBM 193 Extra"]
[Source "ChessBase"]
[SourceDate "2020.01.31"]
[SourceVersion "1"]
[SourceVersionDate "2020.01.31"]
[SourceQuality "1"]

1. e4 c5 2. Nc3 g6 3. f4 Bg7 4. Nf3 Nc6 5. d3 e6 6. e5 d6 7. exd6 Qxd6 8. Be3 b6 9. Be2 Nge7 10. 0-0 0-0 11. Nd2 Nf5 12. Nc4 Nxe3 13. Nxd6 Nxd1 14. Raxd1 Nd4 15. Nxc8 Raxc8 16. Rd2 c4 17. Bd1 Rfd8 18. Ne4 e5 19. dxc4 f5 20. Ng5 e4 21. c3 e3 22. Rxd4 Bxd4 23. cxd4 Rxd4 24. b3 h6 25. Nf3 Rxf4 26. Bc2 Re8 27. Re1 g5 28. Re2 Kf7 29. Ne1 Kf6 30. g3 Rd4 31. h3 f4 32. gxf4 gxf4 33. Kf1 Rg8 34. Rg2 Rxg2 35. Kxg2 Rd2+ 36. Kf3 Ke5 37. Bd3 Rf2+ 38. Kg4 Kd4 39. c5 bxc5 40. Bc4 e2 41. Nf3+ Rxf3 42. Bxe2 Rf2 43. Bc4 Ke3 44. a4 f3 45. h4 Re2 46. Kg3 Rg2+ 47. Kh3 Rg7 0-1

[Event "Jerusalem Israel op"]
[Site "Jerusalem"]
[Date "2019.12.18"]
[Round "6"]
[White "Tifferet, Shaked"]
[Black "Nissim, Yonatan"]
[Result "1-0"]
[WhiteElo "2232"]
[BlackElo "2040"]
[PlyCount "91"]
[EventDate "2019.12.12"]
[EventType "swiss"]
[EventRounds "9"]
[EventCountry "ISR"]
[SourceTitle "CBM 193 Extra"]
[Source "ChessBase"]
[SourceDate "2020.01.31"]
[SourceVersion "1"]
[SourceVersionDate "2020.01.31"]
[SourceQuality "1"]

1. e4 c5 2. Nf3 g6 3. c4 Bg7 4. d4 cxd4 5. Nxd4 Nc6 6. Be3 Nf6 7. Nc3 0-0 8. Be2 b6 9. 0-0 Bb7 10. Nxc6 Bxc6 11. Qd3 d6 12. Bd4 a5 13. f4 Nd7 14. Bxg7 Kxg7 15. Rad1 Qc7 16. Qd4+ f6 17. Kh1 Nc5 18. Nd5 Qd8 19. e5 dxe5 20. fxe5 f5 21. Qe3 Bxd5 22. cxd5 Ra7 23. Bb5 Qb8 24. d6 e6 25. d7 Ne4 26. Bc6 Rd8 27. Qa3 Nc5 28. Rd6 Rc7 29. Rfd1 Kf7 30. Qh3 Kg8 31. Qh4 Ne4 32. Bxe4 Rc4 33. Rxe6 Rxd7 34. Re8+ Qxe8 35. Bd5+ Kg7 36. Qxc4 Qxe5 37. Qc3 Kf6 38. Qxe5+ Kxe5 39. Bb3 Rc7 40. Kg1 g5 41. Kf2 h5 42. Rd5+ Ke4 43. Rb5 Rd7 44. Ke2 f4 45. Rxg5 Rd2+ 46. Kxd2 1-0

[Event "Netanya op"]
[Site "Netanya"]
[Date "2019.07.02"]
[Round "9"]
[White "Nissim, Yonatan"]
[Black "Alexikov, Alexander"]
[Result "0-1"]
[WhiteElo "2082"]
[BlackElo "2234"]
[PlyCount "70"]
[EventDate "2019.06.23"]
[EventType "swiss"]
[EventRounds "9"]
[EventCountry "ISR"]
[SourceTitle "CBM 191 Extra"]
[Source "ChessBase"]
[SourceDate "2019.09.30"]
[SourceVersion "1"]
[SourceVersionDate "2019.09.30"]
[SourceQuality "1"]

1. d4 Nf6 2. c4 g6 3. f3 Bg7 4. e4 d6 5. Nc3 c5 6. Nge2 0-0 7. Be3 b6 8. d5 a6 9. a4 Nbd7 10. Nc1 Qc7 11. Be2 e6 12. 0-0 exd5 13. cxd5 Re8 14. Nd3 Bb7 15. Nf2 Rab8 16. f4 Nxe4 17. Ncxe4 f5 18. Qd2 fxe4 19. Bg4 Nf6 20. Be2 Kh8 21. Bc4 Bc8 22. Qe2 Qb7 23. Rfd1 b5 24. axb5 axb5 25. Bb3 h5 26. h3 Qd7 27. Ra5 Qf5 28. Ra7 h4 29. Bd2 Qh5 30. Qxh5+ Nxh5 31. Bc3 Bxc3 32. bxc3 Nxf4 33. Re1 e3 34. Ng4 Bxg4 35. hxg4 Nd3 0-1

[Event "Netanya op"]
[Site "Netanya"]
[Date "2019.06.27"]
[Round "5"]
[White "Nissim, Yonatan"]
[Black "Rozen, Eytan"]
[Result "0-1"]
[WhiteElo "2082"]
[BlackElo "2317"]
[PlyCount "88"]
[EventDate "2019.06.23"]
[EventType "swiss"]
[EventRounds "9"]
[EventCountry "ISR"]
[SourceTitle "CBM 191 Extra"]
[Source "ChessBase"]
[SourceDate "2019.09.30"]
[SourceVersion "1"]
[SourceVersionDate "2019.09.30"]
[SourceQuality "1"]

1. d4 Nf6 2. c4 e6 3. Nc3 Bb4 4. Qc2 d5 5. cxd5 exd5 6. Bg5 c5 7. dxc5 h6 8. Bh4 g5 9. Bg3 Ne4 10. e3 Qa5 11. Nge2 Bf5 12. Be5 0-0 13. Nd4 Re8 14. Nxf5 Rxe5 15. Nxh6+ Kg7 16. Ng4 Re7 17. Rc1 d4 18. a3 Bxc5 19. b4 Qxa3 20. bxc5 Qxc3+ 21. Qxc3 Nxc3 22. Bd3 Nd7 23. 0-0 Nxc5 24. Bc4 N5a4 25. exd4 Rc8 26. Bd3 Nb2 27. Bb5 Rec7 28. Rc2 Nxb5 29. Rxb2 Nxd4 30. f4 gxf4 31. Rxf4 Rc1+ 32. Kf2 Ne6 33. Re4 Nc5 34. Re3 a5 35. h4 f5 36. Ne5 f4 37. Rf3 Ne4+ 38. Ke2 Nc3+ 39. Kd2 Ne4+ 40. Kd3 Nc5+ 41. Kd2 Rg1 42. Rb5 Rxg2+ 43. Kd1 Rd8+ 44. Kc1 Rd5 0-1

[Event "Netanya op"]
[Site "Netanya"]
[Date "2019.06.26"]
[Round "4"]
[White "Birnboim, Nathan"]
[Black "Nissim, Yonatan"]
[Result "1-0"]
[WhiteElo "2379"]
[BlackElo "2082"]
[PlyCount "81"]
[EventDate "2019.06.23"]
[EventType "swiss"]
[EventRounds "9"]
[EventCountry "ISR"]
[SourceTitle "CBM 191 Extra"]
[Source "ChessBase"]
[SourceDate "2019.09.30"]
[SourceVersion "1"]
[SourceVersionDate "2019.09.30"]
[SourceQuality "1"]

1. c4 g6 2. Nc3 c5 3. g3 Nc6 4. Bg2 Bg7 5. Nf3 e6 6. d3 Nge7 7. 0-0 0-0 8. Bd2 d5 9. Rb1 b6 10. Qc1 Bb7 11. Bg5 Qd7 12. Rd1 Rac8 13. h4 Nf5 14. cxd5 exd5 15. Bh3 Ncd4 16. Ne1 Rfe8 17. Qd2 Qc6 18. Bg2 Qd7 19. Bh3 Ne6 20. e4 Nxg5 21. Qxg5 dxe4 22. dxe4 Qc6 23. Bg2 Nd4 24. Nd5 Qe6 25. Nd3 Rcd8 26. Nc7 Qxa2 27. Nxe8 Rxe8 28. f3 Qb3 29. Qd2 Rd8 30. Qf2 Ne6 31. Qe2 Ba6 32. Bf1 c4 33. Ne1 Bd4+ 34. Kh2 c3 35. Qxa6 Bg1+ 36. Kxg1 Rxd1 37. Rxd1 Qxd1 38. Qc8+ Kg7 39. Qxc3+ Kh6 40. Nc2 Nc5 41. Qe3+ 1-0

[Event "Jerusalem Japhet Memorial op 3rd"]
[Site "Jerusalem"]
[Date "2016.07.11"]
[Round "3"]
[White "Nissim, Yonatan"]
[Black "Gokhvat, Peter"]
[Result "0-1"]
[WhiteElo "1925"]
[BlackElo "2243"]
[PlyCount "72"]
[EventDate "2016.07.10"]
[EventType "swiss"]
[EventRounds "7"]
[EventCountry "ISR"]
[SourceTitle "CBM 173 Extra"]
[Source "ChessBase"]
[SourceDate "2016.08.29"]
[SourceVersion "1"]
[SourceVersionDate "2016.08.29"]
[SourceQuality "1"]

1. d4 Nf6 2. c4 c5 3. d5 e5 4. Nc3 d6 5. e4 Nbd7 6. Nf3 Be7 7. Be2 Nf8 8. 0-0 Ng6 9. b4 b6 10. Ne1 0-0 11. Nd3 h6 12. a4 Bd7 13. Qb3 Nh7 14. a5 Bg5 15. axb6 axb6 16. Rxa8 Qxa8 17. Bxg5 Nxg5 18. bxc5 bxc5 19. Qb6 Qa3 20. Nb1 Qa2 21. Nc1 Qa1 22. Qxd6 Qxb1 23. Qxd7 Nf4 24. Qf5 f6 25. h4 g6 26. Qg4 h5 27. Qd7 Qxe4 28. f3 Qe3+ 29. Kh1 Nxe2 30. Nxe2 Qxe2 31. Ra1 Qxc4 32. hxg5 Qh4+ 33. Kg1 Qd4+ 34. Kh1 Qh4+ 35. Qh3 Qxh3+ 36. gxh3 fxg5 0-1

[Event "Jerusalem Japhet Memorial op 3rd"]
[Site "Jerusalem"]
[Date "2016.07.10"]
[Round "1"]
[White "Gorodetzky, David"]
[Black "Nissim, Yonatan"]
[Result "0-1"]
[WhiteElo "2331"]
[BlackElo "1925"]
[PlyCount "111"]
[EventDate "2016.07.10"]
[EventType "swiss"]
[EventRounds "7"]
[EventCountry "ISR"]
[SourceTitle "CBM 173 Extra"]
[Source "ChessBase"]
[SourceDate "2016.08.29"]
[SourceVersion "1"]
[SourceVersionDate "2016.08.29"]
[SourceQuality "1"]

1. e4 c5 2. c3 g6 3. d4 cxd4 4. cxd4 d5 5. e5 Nc6 6. Nc3 f6 7. exf6 Nxf6 8. Nge2 Bg7 9. g3 Bg4 10. Bg2 Bxe2 11. Nxe2 0-0 12. 0-0 e6 13. b3 Ne4 14. Bb2 Qb6 15. h4 Nd6 16. h5 Nf5 17. hxg6 hxg6 18. Nf4 Ncxd4 19. Nxg6 Nxg3 20. Ne7+ Kf7 21. fxg3+ Nf3+ 22. Kh1 Rh8+ 23. Bh3 Rxh3+ 24. Kg2 Rh2+ 25. Kxf3 Bxb2 26. Nxd5 exd5 27. Qxd5+ Qe6 28. Qxe6+ Kxe6 29. Rh1 Rf8+ 30. Ke3 Rff2 31. Raf1 Re2+ 32. Kd3 Be5 33. a4 Bxg3 34. Rhg1 Reg2 35. Rxg2 Rxg2 36. Kc4 Bf2 37. Rh1 Rg4+ 38. Kb5 a6+ 39. Ka5 Rg5+ 40. Kb4 Rg4+ 41. Ka5 Bh4 42. Kb6 Rb4+ 43. Ka5 Re4 44. Kb6 Rb4+ 45. Ka5 Rf4 46. Kb6 Be7 47. Re1+ Kf6 48. Kxb7 a5 49. Kb6 Bb4 50. Re3 Kf5 51. Kb5 Re4 52. Rh3 Ke5 53. Rd3 Kf4 54. Rh3 Re3 55. Rh4+ Ke5 56. Rh5+ 0-1